<?xml version="1.0" encoding="UTF-8"?>
<record
    xmlns:xsi="http://www.w3.org/2001/XMLSchema-instance"
    xsi:schemaLocation="http://www.loc.gov/MARC21/slim http://www.loc.gov/standards/marcxml/schema/MARC21slim.xsd"
    xmlns="http://www.loc.gov/MARC21/slim">

  <leader>00631nam a22002057a 4500</leader>
  <controlfield tag="003">330010</controlfield>
  <controlfield tag="005">20240411105237.0</controlfield>
  <controlfield tag="008">240411b        sa ||||| |||| 00| 0 eng d</controlfield>
  <datafield tag="020" ind1=" " ind2=" ">
    <subfield code="a">9780409127515</subfield>
  </datafield>
  <datafield tag="040" ind1=" " ind2=" ">
    <subfield code="c">3228</subfield>
  </datafield>
  <datafield tag="100" ind1=" " ind2=" ">
    <subfield code="a">Siphamandla Ngcobo</subfield>
    <subfield code="9">186185</subfield>
  </datafield>
  <datafield tag="245" ind1=" " ind2=" ">
    <subfield code="a">Occupational health and safety Act No. 85 of 1993 and Regulations</subfield>
    <subfield code="c">Luella Nicholls(Editor)</subfield>
    <subfield code="h">book</subfield>
  </datafield>
  <datafield tag="260" ind1=" " ind2=" ">
    <subfield code="a">South Africa</subfield>
    <subfield code="b">LexisNexis</subfield>
  </datafield>
  <datafield tag="300" ind1=" " ind2=" ">
    <subfield code="a">208 Pages</subfield>
    <subfield code="c">24 cm</subfield>
  </datafield>
  <datafield tag="500" ind1=" " ind2=" ">
    <subfield code="a">Index included</subfield>
  </datafield>
  <datafield tag="600" ind1=" " ind2=" ">
    <subfield code="a">Siphamandla Ngcobo</subfield>
    <subfield code="9">186185</subfield>
  </datafield>
  <datafield tag="700" ind1=" " ind2=" ">
    <subfield code="a">Siphamandla Ngcobo</subfield>
    <subfield code="9">186185</subfield>
  </datafield>
  <datafield tag="800" ind1=" " ind2=" ">
    <subfield code="4">Editor</subfield>
    <subfield code="a">Siphandla Ngcobo</subfield>
    <subfield code="9">186186</subfield>
  </datafield>
  <datafield tag="942" ind1=" " ind2=" ">
    <subfield code="2">ddc</subfield>
    <subfield code="c">BOOK</subfield>
    <subfield code="y">625</subfield>
    <subfield code="z">Precious Sibiya</subfield>
  </datafield>
  <datafield tag="999" ind1=" " ind2=" ">
    <subfield code="c">762661</subfield>
    <subfield code="d">762660</subfield>
  </datafield>
  <datafield tag="952" ind1=" " ind2=" ">
    <subfield code="0">0</subfield>
    <subfield code="1">0</subfield>
    <subfield code="2">ddc</subfield>
    <subfield code="4">0</subfield>
    <subfield code="7">0</subfield>
    <subfield code="8">300</subfield>
    <subfield code="a">KABOL</subfield>
    <subfield code="b">KABOL</subfield>
    <subfield code="c">Non_Fiction</subfield>
    <subfield code="d">2024-04-11</subfield>
    <subfield code="l">0</subfield>
    <subfield code="r">2024-04-11</subfield>
    <subfield code="w">2024-04-11</subfield>
    <subfield code="y">BOOK</subfield>
  </datafield>
  <datafield tag="952" ind1=" " ind2=" ">
    <subfield code="0">0</subfield>
    <subfield code="1">0</subfield>
    <subfield code="2">ddc</subfield>
    <subfield code="4">0</subfield>
    <subfield code="7">0</subfield>
    <subfield code="a">SABIL</subfield>
    <subfield code="b">SABIL</subfield>
    <subfield code="c">Non_Fiction</subfield>
    <subfield code="d">2024-10-10</subfield>
    <subfield code="l">0</subfield>
    <subfield code="o">344.010968 NCGO</subfield>
    <subfield code="p">33228010179594</subfield>
    <subfield code="r">2024-10-10</subfield>
    <subfield code="w">2024-10-10</subfield>
    <subfield code="y">BOOK</subfield>
  </datafield>
  <datafield tag="952" ind1=" " ind2=" ">
    <subfield code="0">0</subfield>
    <subfield code="1">0</subfield>
    <subfield code="2">ddc</subfield>
    <subfield code="4">0</subfield>
    <subfield code="7">0</subfield>
    <subfield code="8">600</subfield>
    <subfield code="a">THULL</subfield>
    <subfield code="b">THULL</subfield>
    <subfield code="c">GEN</subfield>
    <subfield code="d">2026-06-25</subfield>
    <subfield code="l">0</subfield>
    <subfield code="o">613.62 NGCO</subfield>
    <subfield code="p">3322810014351</subfield>
    <subfield code="r">2026-06-25</subfield>
    <subfield code="w">2026-06-25</subfield>
    <subfield code="y">BOOK</subfield>
  </datafield>
</record>
